| 000 | 01180nam a2200241Ia 4500 | ||
|---|---|---|---|
| 003 | GCL | ||
| 008 | 140319s9999 xx 000 0 ara d | ||
| 040 |
_aGCL / _cGCL |
||
| 082 | 0 | 4 |
_aط _b004 _bع س |
| 100 | 1 | _aعصام سعدالدين | |
| 245 | 1 | 0 |
_aسلسلة اسرار الكمبيوتر : _bساحر العصر الحديث - برامج الكمبيوتر - الساحر يصنع برامج - لغات الكمبيوتر - الساحر يتحدث بلغة بيزك - الساحر يرسم بلغة بيزك - الساحر يتكلم بلغة لوجو - الساحر يتكلم ويحسب بلغة لوجو - الساحر يرسم بلغة لو / _cعصام سعدالدين |
| 700 | 1 | _aجابر ناشد | |
| 700 | 1 | _aعبدالرحمن نورالدين | |
| 250 | _aالاولى | ||
| 260 |
_aالقاهرة : _bدار الكتاب المصرى ، _c1989 |
||
| 300 |
_aمتعدد ؛ _c24سم |
||
| 490 |
_aسلسلة اسرار الكمبيوتر _v0 |
||
| 650 | 0 | 4 | _aالاطفال |
| 650 | 0 | 4 | _aالحاسبات الالكترونية |
| 650 | 0 | 4 | _aتعليم الاطفال |
| 650 | 0 | 4 | _aالحاسبات الالكترونية- لغات |
| 942 |
_2ddc _cBK |
||
| 999 |
_c57674 _d57674 |
||